000 00315nam a22001457a 4500
008 210311b ||||| |||| 00| 0 eng d
020 _a0201000237
041 _aeng
080 _a004
082 _a004
100 _a35
101 _aSHKI
245 _aData Structures and Algorithms
_cAho,V.A
942 _2udc
_cBK
999 _c56383
_d56383